Races de moutons - Statistiques

Statistiques générales
  • Ce quiz a été pris 41 fois
  • Le résultat moyen est 6 sur 20
Statistiques - réponses
Par images Réponse % Correct
Texel
68%
Île-de-France
60%
Suffolk
56%
Lacaune
52%
Bleu du Maine
48%
Mérinos de Rambouillet
36%
Ouessant
36%
Rouge de l'ouest
36%
Nez noir du Valais
28%
Jacob
24%
Romanov
24%
Solognote
24%
Thônes et Marthod
24%
Causse du Lot
20%
Racka
20%
Cotentin
16%
Vendéen
16%
Manech tête rousse
12%
Ladoum
8%
Manech tête noire
8%
Aucun quiz correspondant
Distribution des résultats
% des personnes avec chaque résultat
Percentile par nombre de réponses
Votre historique - résultats
Vous n’avez pas pris ce quiz